[Event "TUR Cup										"]
[Site "Antalya"]
[Date "2018.02.01"]
[Round "8"]
[White "Goymen, Cemal"]
[Black "Karacay, Aybar"]
[Result "1/2-1/2"]
[WhiteElo "1466"]
[BlackElo "1993"]
[PlyCount "79"]
[EventDate "2018.01.27"]
[EventType "swiss"]
[EventRounds "11"]
[EventCountry "TUR"]
[SourceTitle "CBM 182 Extra"]
[Source "ChessBase"]
[SourceDate "2018.02.23"]
[SourceVersion "1"]
[SourceVersionDate "2018.02.23"]
[SourceQuality "1"]

1. e4 c5 2. Nf3 a6 3. d4 cxd4 4. Nxd4 Nf6 5. Nc3 Qc7 6. f3 e6 7. Qe2 Bb4 8. Bd2 0-0 9. 0-0-0 d5 10. e5 Nfd7 11. f4 Nc6 12. Nb3 d4 13. Ne4 a5 14. Kb1 a4 15. Bxb4 axb3 16. Bxf8 bxa2+ 17. Ka1 Nxf8 18. Qc4 Qb6 19. Qc5 Qd8 20. Bb5 Bd7 21. Bxc6 Bxc6 22. Rxd4 Qh4 23. g3 Qh3 24. Rhd1 Nd7 25. Qe7 h6 26. Rxd7 Bxd7 27. Qxd7 Qxh2 28. Qxb7 Rf8 29. Rd2 Qg1+ 30. Kxa2 Kh7 31. Rd7 Qe1 32. Nc3 Kg8 33. Rc7 Qxg3 34. Rc8 Rxc8 35. Qxc8+ Kh7 36. Qc4 Qf2 37. Qe4+ g6 38. b3 h5 39. f5 exf5 40. Qe2 1/2-1/2

[Event "TUR Cup"]
[Site "Antalya"]
[Date "2017.02.01"]
[Round "7"]
[White "Celik, Eda"]
[Black "Goymen, Cemal"]
[Result "1-0"]
[WhiteElo "1846"]
[BlackElo "1470"]
[PlyCount "87"]
[EventDate "2017.01.28"]
[EventType "swiss"]
[EventRounds "11"]
[EventCountry "TUR"]
[SourceTitle "CBM 176 Extra"]
[Source "ChessBase"]
[SourceDate "2017.03.02"]
[SourceVersion "1"]
[SourceVersionDate "2017.03.02"]
[SourceQuality "1"]

1. e4 c5 2. Nf3 d6 3. Bb5+ Bd7 4. Bxd7+ Nxd7 5. 0-0 Ngf6 6. Re1 e6 7. c3 Be7 8. d4 cxd4 9. cxd4 0-0 10. Nc3 a6 11. e5 dxe5 12. dxe5 Ne8 13. Bf4 Nc5 14. Re2 Qb6 15. Rd2 Nc7 16. Qc2 Rfd8 17. Rad1 a5 18. Be3 Qc6 19. Nd4 Qe8 20. Nb3 b6 21. Nxc5 Bxc5 22. Bxc5 bxc5 23. Ne4 Nd5 24. Qxc5 Rdc8 25. Qa3 Qc6 26. Qf3 Rcb8 27. Nc3 Nb4 28. Qxc6 Nxc6 29. f4 g6 30. Ne4 Kg7 31. Rd6 Nb4 32. Rd7 h6 33. Nd6 Rf8 34. Rc1 Nd5 35. g3 Rad8 36. Rb7 Ra8 37. Rc5 a4 38. Rcb5 a3 39. Rd7 axb2 40. Rxb2 Rad8 41. Rxd8 Rxd8 42. Rb7 Rf8 43. a4 Ra8 44. Nxf7 1-0

[Event "TUR Cup"]
[Site "Antalya"]
[Date "2017.01.29"]
[Round "2"]
[White "Goymen, Cemal"]
[Black "Gencsoy, Sukru Gorkem"]
[Result "0-1"]
[WhiteElo "1470"]
[BlackElo "1614"]
[PlyCount "84"]
[EventDate "2017.01.28"]
[EventType "swiss"]
[EventRounds "11"]
[EventCountry "TUR"]
[SourceTitle "CBM 176 Extra"]
[Source "ChessBase"]
[SourceDate "2017.03.02"]
[SourceVersion "1"]
[SourceVersionDate "2017.03.02"]
[SourceQuality "1"]

1. e4 e6 2. d4 d5 3. exd5 exd5 4. Bd3 Nf6 5. Nf3 Bg4 6. Bf4 Nbd7 7. 0-0 Be7 8. Nbd2 0-0 9. Re1 c6 10. c3 Re8 11. Qc2 Nf8 12. Ne5 Bh5 13. Bg5 Qc7 14. Bh4 Ng4 15. Bxe7 Rxe7 16. Nxg4 Bxg4 17. Nf1 Rae8 18. Ne3 Bh5 19. Qd2 Bg6 20. Bxg6 Nxg6 21. Nf5 Re6 22. Rxe6 Rxe6 23. Re1 Qd7 24. Ng3 Qe8 25. Rxe6 Qxe6 26. Kf1 Qg4 27. Qd3 Kf8 28. Qf3 Qxf3 29. gxf3 Nh4 30. Ke2 Ke7 31. Nf1 Ke6 32. Nd2 Nf5 33. Nb3 Nd6 34. Nc5+ Kf5 35. Kf1 g5 36. b4 b6 37. Nd7 Nb5 38. Nb8 Nxc3 39. Nxc6 Nxa2 40. b5 Ke6 41. Nxa7 Nc3 42. Ke1 h5 0-1

[Event "Manavgat Turkey Cup"]
[Site "Manavgat"]
[Date "2016.02.04"]
[Round "8"]
[White "Goymen, Cemal"]
[Black "Aksoz, Canturk"]
[Result "1-0"]
[WhiteElo "1381"]
[BlackElo "1545"]
[PlyCount "87"]
[EventDate "2016.01.30"]
[EventType "swiss"]
[EventRounds "11"]
[EventCountry "TUR"]
[SourceTitle "CBM 170 Extra"]
[Source "ChessBase"]
[SourceDate "2016.02.25"]
[SourceVersion "1"]
[SourceVersionDate "2016.02.25"]
[SourceQuality "1"]

1. e4 c5 2. Nf3 Nc6 3. d4 cxd4 4. Nxd4 Nxd4 5. Qxd4 d6 6. Nc3 e5 7. Qa4+ Bd7 8. Bb5 Nf6 9. Bg5 Bxb5 10. Nxb5 Qd7 11. Nc7+ Ke7 12. Bxf6+ gxf6 13. Qxd7+ Kxd7 14. Nxa8 Kc6 15. Rd1 Bh6 16. Ke2 Rxa8 17. Rd5 f5 18. Rhd1 Rd8 19. f3 f4 20. c4 b6 21. b4 Bf8 22. a4 a6 23. g3 fxg3 24. hxg3 Be7 25. Rh1 Rh8 26. Rh6 f6 27. Rd1 a5 28. b5+ Kc5 29. Rb1 Kxc4 30. Rhh1 d5 31. Rhc1+ Kd4 32. Rc6 Bc5 33. Rd1+ Kc4 34. exd5 Kb4 35. d6 Bd4 36. Rdc1 Kxa4 37. Rc8 Rxc8 38. Rxc8 Kxb5 39. d7 a4 40. d8Q Kb4 41. Qd5 b5 42. Rb8 Bc5 43. Qd2+ Kc4 44. Qd3+ 1-0

[Event "Manavgat Turkey Cup"]
[Site "Manavgat"]
[Date "2016.02.04"]
[Round "9"]
[White "Goymen, Cemal"]
[Black "Yildiz, Eyup Ensar"]
[Result "1/2-1/2"]
[WhiteElo "1381"]
[BlackElo "1633"]
[PlyCount "45"]
[EventDate "2016.01.30"]
[EventType "swiss"]
[EventRounds "11"]
[EventCountry "TUR"]
[SourceTitle "CBM 170 Extra"]
[Source "ChessBase"]
[SourceDate "2016.02.25"]
[SourceVersion "1"]
[SourceVersionDate "2016.02.25"]
[SourceQuality "1"]

1. e4 e5 2. Nf3 Nc6 3. d4 exd4 4. Bc4 Bb4+ 5. c3 dxc3 6. Nxc3 Bxc3+ 7. bxc3 d6 8. 0-0 h6 9. Nd4 Nxd4 10. cxd4 Nf6 11. Re1 0-0 12. Qb3 c6 13. Ba3 b5 14. Bd3 a5 15. Rad1 Be6 16. Qc2 b4 17. Bc1 Qb6 18. e5 dxe5 19. dxe5 Nd5 20. Bd2 a4 21. Qc1 f5 22. exf6 gxf6 23. Bxh6 1/2-1/2

[Event "Manavgat Turkey Cup"]
[Site "Manavgat"]
[Date "2016.02.02"]
[Round "6"]
[White "Goymen, Cemal"]
[Black "Can, Furkan"]
[Result "0-1"]
[WhiteElo "1381"]
[BlackElo "1595"]
[PlyCount "49"]
[EventDate "2016.01.30"]
[EventType "swiss"]
[EventRounds "11"]
[EventCountry "TUR"]
[SourceTitle "CBM 170 Extra"]
[Source "ChessBase"]
[SourceDate "2016.02.25"]
[SourceVersion "1"]
[SourceVersionDate "2016.02.25"]
[SourceQuality "1"]

1. e4 e5 2. Nf3 Nf6 3. d4 Nxe4 4. Bd3 d5 5. Nxe5 Nd7 6. Nxd7 Bxd7 7. 0-0 Qf6 8. Bxe4 dxe4 9. Re1 0-0-0 10. c3 Qg6 11. Bf4 Bg4 12. Qa4 Bf3 13. Bg3 h5 14. h4 Bd6 15. Kh2 Qg4 16. gxf3 exf3 17. Re4 Bxg3+ 18. fxg3 Qxe4 19. Qd1 Rhe8 20. Na3 Qe2+ 21. Qxe2 Rxe2+ 22. Kg1 Rde8 23. Nc4 f2+ 24. Kg2 Re1 25. Rxe1 0-1

[Event "Manavgat Turkey Cup"]
[Site "Manavgat"]
[Date "2016.02.02"]
[Round "5"]
[White "Peker, Serdar"]
[Black "Goymen, Cemal"]
[Result "1-0"]
[WhiteElo "1751"]
[BlackElo "1381"]
[PlyCount "121"]
[EventDate "2016.01.30"]
[EventType "swiss"]
[EventRounds "11"]
[EventCountry "TUR"]
[SourceTitle "CBM 170 Extra"]
[Source "ChessBase"]
[SourceDate "2016.02.25"]
[SourceVersion "1"]
[SourceVersionDate "2016.02.25"]
[SourceQuality "1"]

1. e4 c5 2. Nf3 d6 3. c3 Nf6 4. Be2 e6 5. 0-0 Be7 6. Re1 0-0 7. Bf1 Nbd7 8. d4 cxd4 9. cxd4 a6 10. a4 Qc7 11. Nc3 b6 12. Qb3 Bb7 13. Bg5 Qd8 14. Rad1 Rc8 15. e5 dxe5 16. dxe5 Nd5 17. Bxe7 Qxe7 18. Nxd5 Bxd5 19. Qe3 Bb7 20. b4 Rfd8 21. Rd4 Rc7 22. Nd2 Rc6 23. Nc4 f6 24. Red1 Bc8 25. exf6 Qxf6 26. Ne5 Rc7 27. f4 Qe7 28. Bc4 g6 29. Qb3 Re8 30. Rd6 Nxe5 31. fxe5 b5 32. axb5 axb5 33. Bxb5 Rf8 34. Bc4 Qh4 35. Bxe6+ Kh8 36. g3 Qe4 37. Bxc8 Rcxc8 38. e6 Rc2 39. R6d2 Rfc8 40. Qd3 Rxd2 41. Qxd2 Qxe6 42. Qd4+ Kg8 43. Qd5 Qxd5 44. Rxd5 Rb8 45. Rd4 Kf7 46. Kf2 Ke6 47. Ke3 Ke5 48. Kd3 Rc8 49. Rc4 Rd8+ 50. Kc3 Rb8 51. h4 h5 52. g4 hxg4 53. Rxg4 Kf5 54. Rg5+ Kf6 55. Rc5 Ke6 56. b5 Kd6 57. Kb4 Rh8 58. Rc4 Kd7 59. b6 Rb8 60. Kb5 g5 61. hxg5 1-0

[Event "Manavgat Turkey Cup"]
[Site "Manavgat"]
[Date "2016.02.01"]
[Round "4"]
[White "Goymen, Cemal"]
[Black "Erdeniz, Mehmet"]
[Result "1-0"]
[WhiteElo "1381"]
[BlackElo "1651"]
[PlyCount "61"]
[EventDate "2016.01.30"]
[EventType "swiss"]
[EventRounds "11"]
[EventCountry "TUR"]
[SourceTitle "CBM 170 Extra"]
[Source "ChessBase"]
[SourceDate "2016.02.25"]
[SourceVersion "1"]
[SourceVersionDate "2016.02.25"]
[SourceQuality "1"]

1. e4 e5 2. Nf3 f5 3. d3 Nc6 4. Bg5 Nf6 5. Nc3 Bb4 6. a3 Bxc3+ 7. bxc3 d6 8. Be2 0-0 9. 0-0 Qe8 10. Re1 fxe4 11. dxe4 Be6 12. Bf1 Qg6 13. Qd3 Rad8 14. Rad1 d5 15. exd5 e4 16. Qe3 Bxd5 17. Nh4 Qf7 18. Bxf6 Qxf6 19. Rxd5 Rxd5 20. Bc4 Qxh4 21. Bxd5+ Kh8 22. Bxc6 bxc6 23. Qxa7 Qf4 24. Qe3 Qd6 25. c4 h6 26. c5 Qd5 27. g3 Rf3 28. Qxe4 Rxa3 29. Qb4 Ra2 30. c3 Qd2 31. Re8+ 1-0